El árbitro y la función arbitral / (Registro nro. 30874)
[ vista simple ]
| 000 -LEADER | |
|---|---|
| fixed length control field | 00898nam a22002417a 4500 |
| 003 - CONTROL NUMBER IDENTIFIER | |
| control field | OSt |
| 005 - DATE AND TIME OF LATEST TRANSACTION | |
| control field | 20241129163729.0 |
| 008 - FIXED-LENGTH DATA ELEMENTS--GENERAL INFORMATION | |
| fixed length control field | 241121b |||||||| |||| 00| 0 spa d |
| 020 ## - INTERNATIONAL STANDARD BOOK NUMBER | |
| International Standard Book Number | 9789587497861 |
| Terms of availability | Obra completa |
| 020 ## - INTERNATIONAL STANDARD BOOK NUMBER | |
| International Standard Book Number | 9789587497885 |
| Terms of availability | Volúmen II |
| 037 ## - SOURCE OF ACQUISITION | |
| Source of stock number/acquisition | Donación |
| 040 ## - CATALOGING SOURCE | |
| Original cataloging agency | CO-JMCR |
| Language of cataloging | spa |
| Transcribing agency | CO-JMCR |
| Modifying agency | CO-JMCR |
| Description conventions | rda |
| 041 0# - LANGUAGE CODE | |
| Language code of text/sound track or separate title | spa |
| 082 04 - DEWEY DECIMAL CLASSIFICATION NUMBER | |
| Classification number | 341.522 |
| Item number | A74a1 |
| Edition number | 23 |
| 245 00 - TITLE STATEMENT | |
| Title | El árbitro y la función arbitral / |
| Statement of responsibility, etc. | Directores académicos Hernando Herrera Mercado, Fabricio Mantilla Espinosa. |
| 260 ## - PUBLICATION, DISTRIBUTION, ETC. | |
| Place of publication, distribution, etc. | Bogotá : |
| Name of publisher, distributor, etc. | Grupo Editorial Ibáñez : |
| -- | Cámara de Comercio de Bogotá, Centro de Arbitraje y Conciliación, |
| Date of publication, distribution, etc. | 2017. |
| 300 ## - PHYSICAL DESCRIPTION | |
| Extent | 564 páginas, |
| Dimensions | 24 cm. |
| 500 ## - GENERAL NOTE | |
| General note | Tomo I Vol. I |
| 504 ## - BIBLIOGRAPHY, ETC. NOTE | |
| Bibliography, etc. note | Incluye bibliografía. |
| 700 1# - ADDED ENTRY--PERSONAL NAME | |
| Personal name | Herrera Mercado, Hernando, |
| Relator term | director. |
| 9 (RLIN) | 43858 |
| 700 1# - ADDED ENTRY--PERSONAL NAME | |
| Personal name | Mantilla Espinosa, Fabricio, |
| Relator term | director. |
| 9 (RLIN) | 43859 |
| 942 ## - ADDED ENTRY ELEMENTS (KOHA) | |
| Source of classification or shelving scheme | Dewey Decimal Classification |
| Koha item type | Books |
| Withdrawn status | Lost status | Source of classification or shelving scheme | Damaged status | Not for loan | Collection code | Home library | Current library | Shelving location | Date acquired | Source of acquisition | Total Checkouts | Full call number | Barcode | Date last seen | Copy number | Price effective from | Koha item type |
|---|---|---|---|---|---|---|---|---|---|---|---|---|---|---|---|---|---|
| Dewey Decimal Classification | Non-fiction | Biblioteca Pública José María del Castillo y Rada | Biblioteca Pública José María del Castillo y Rada | Book Cart | 09/20/2024 | Donación | 341.522 A74 | 201812490 | 11/21/2024 | Ej.1 | 11/21/2024 | Books |